| 000 | 00974nam a2200289Ia 4500 | ||
|---|---|---|---|
| 003 | OSt | ||
| 005 | 20220918171051.0 | ||
| 006 | a|||||r|||| 00| 0 | ||
| 007 | ta | ||
| 008 | 220917b |||||||| |||| 00| 0 eng d | ||
| 020 |
_a9781138588714 (hbk) _cUKP 115.00 |
||
| 024 | _a352,845 | ||
| 037 |
_b1836, 06/03/2020, Bright Book Service _cTextual |
||
| 040 |
_aARTS _cARTS _beng |
||
| 041 |
_2eng _aeng |
||
| 082 | _aY15z7, Q9 | ||
| 100 |
_aWu Guoguang Ed. _933799 |
||
| 245 | 0 | _aGender dynamics, feminist activism and social transformation in china | |
| 260 |
_aLondon _bRoutledge Taylor & Francis Group UK _c2019 |
||
| 300 |
_ax,281p. _ccm. |
||
| 490 | _aChina policy series | ||
| 650 |
_aFEMINISM; SOCIOLOGY _914297 |
||
| 700 |
_a Feng Yuan Ed. _933800 |
||
| 700 |
_a Lansdowne Helen Ed. _933801 |
||
| 942 |
_hY15z7, Q9 _cTEXL _2CC |
||
| 999 |
_c137685 _d137685 |
||